Word Ladder: Military Quiz Stats

 Plays Quiz Updated Aug 13, 2015

Challenge
Share
Tweet
Embed
Score 0/18 Timer 02:00
0 Plays Today
Clue Word % Correct
Land-based military branch (4-ltr)ARMY
95.9%
Sea-based military branchNAVY
95%
US coin featuring FDRDIME
93.8%
Follows scuba or swanDIVE
91.6%
Points at a targetAIMS
91%
Chappelle, Matthews, or LettermanDAVE
90.8%
Lowers the lightsDIMS
90.8%
WeaponsARMS
90%
Central portion of a church or cathedralNAVE
85.1%
Clue Word % Correct
BragBOAST
78.7%
With last rung, seashore-patrolling military branch (5-ltr)COAST
78.6%
Sharp part of a knifeBLADE
76.3%
With first rung, seashore-patrolling military branchGUARD
74%
Violent explosionBLAST
69.4%
Clearing in a forestGLADE
64.4%
NonchalantBLASÉ
63.8%
Blinding reflectionGLARE
62.8%
Six Degrees of Separation playwrightGUARE
50.9%

Today's Daily Dose

You're not logged in!

Compare scores with friends on all Sporcle quizzes.
Join for Free
OR
Log In

You Might Also Like...

Show Comments

Extras

Top Quizzes Today


Score Distribution

Your Account Isn't Verified!

In order to create a playlist on Sporcle, you need to verify the email address you used during registration. Go to your Sporcle Settings to finish the process.

Report this User

Report this user for behavior that violates our Community Guidelines.

Details: